000 00731nam a2200241Ia 4500
003 OSt
005 20220918170245.0
006 a|||||r|||| 00| 0
007 ta
008 220917b |||||||| |||| 00| 0 eng d
020 _a9780007225743 (pbk.)
_c399
024 _a264,913
037 _b071, 16/07/2012, University Book House
_cTextual
040 _aARTS
_cARTS
_beng
041 _2eng
_aeng
082 _aD65,8(2:55), Q2
100 _aGlick James
_927922
245 0 _aInformation
_b History a theroy a flood
260 _aLondon
_bFourth Estate UK
_c2011
300 _a562p.
_ccm.
942 _hD65,8(2:55), Q2
_cTEXL
_2CC
999 _c133273
_d133273